000
00243nam a2200085Ia 4500
008
120527s9999 xx 000 0 und d
245
_a
Background paper on employment and poverty alleviation in Nig.
260
_b
Fed.Min.of Lab&Prod.
942
_c
BK
999
_c
23636
_d
23636